00655 2200217 4500001002100000005001500021035002000036007000300056008004100059020002200100082001200122084001800134100002900152245010200181250000600283260003300289300004700322700003400369990001700403990001700420INLIS00000000000137220260507083757 a0010-1123000003ta260507 j 0 ind  a978-602-8798-32-7 a297.246 a297.246 BAY t0 aBayu Indie ( Pengarang )1 aThe Great Prophent :bNabi Daud A.S & Nabi Zulkifli A.S /cBayu indie; editor, Helfi Ghulam Faizi a- aJakarta :bPustaka Lebah,c- a39 :bilus. ;gambar berwarna ;c28.5 cme-1 aHelfi Ghulam Faizi ( Editor ) a00063/K/2012 a00098/R/2015